| 000 | 00873nam a2200277 i 4500 | ||
|---|---|---|---|
| 001 | 51790 | ||
| 003 | ES-MaACL | ||
| 005 | 20250804062734.0 | ||
| 007 | t| | ||
| 008 | 030819s1976 sp |||| | spa d | ||
| 020 | _a84-206-1612-5 | ||
| 080 | _a1(04) | ||
| 100 | 1 |
_aDanto, Arthur C. _942670 |
|
| 245 | 1 | 0 |
_aQué es filosofía / _cArthur C. Danto ; [traductor, Miguel Hernández Sola ; revisado por Néstor Míguez]. |
| 260 |
_aMadrid : _bAlianza, _c[1976] |
||
| 300 |
_a202 p. ; _c18 cm. |
||
| 490 | 1 |
_aEl libro de bolsillo ; _v612. _aHumanidades |
|
| 500 | _aÍndice. | ||
| 504 | _aBibliografía: p. 197-199. | ||
| 650 | 0 | 7 |
_aFilosofía _2embne _912802 |
| 700 | 1 |
_aHernández Sola, Miguel. _963058 |
|
| 700 | 1 |
_aMíguez, Néstor. _981054 |
|
| 830 | 0 | 3 |
_aEl libro de bolsillo. _pHumanidades _v612. _9178672 |
| 852 |
_aES-MaACL _jA-5796 |
||
| 999 |
_c51790 _d51790 |
||